000 01194nam a22003017a 4500
001 7370
003 FISKH
005 20260226101335.0
008 250711b cb ||||| |||| 00| 0 eng d
020 _a9781592496969
040 _aFISKH
_beng
_cFISKH
_dFISKH
050 _aPZ7
082 _a398.2
100 _aTaggart, Katy
245 _aWorkin' on the railroad and other favorite rhymes /
_cIllustrated b Katy Taggart, Sanja Rescek, Andrea Petrlik Huseinovic and Jacqueline East
260 _aNorwalk :
_bLittle Sound Prints,
_c2004.
300 _a24 unnumbered pages :
_bcolor illustrations ;
_c26 cm
505 _aC
520 _aAny child who doesn't already love that old favorite Workin' on the Railroad is sure to love it after seeing the charming illustrations in this collection. Other favorites include Jack & Jill, Old King Cole, and more.
521 8 _a100
_bLexile estimate
521 8 _aC
_bRaz-Plus
650 _aNursery Rhymes
_vTransportationkids
_xKids
_yTrains
700 _aRescek, Sanja
_eillustrator
700 _aHuseinovic, Andrea Petrlik
_eillustrator
700 _aEast, Jacqueline
_eillustrator
942 _2ddc
_cBK
_n0
999 _c7370
_d7370